The NATO phonetic alphabet in the right order ! - Statistiques

Statistiques générales
  • Ce quiz a été pris 67 fois
  • Le résultat moyen est 20 sur 26
Statistiques - réponses
Hint Réponse % Correct
A Alpha
100%
C Charlie
100%
D Delta
100%
B Bravo
90%
F Foxtrot
90%
I India
90%
H Hotel
84%
L Lima
84%
E Echo
81%
P Papa
81%
G Golf
77%
J Juliett
77%
T Tango
77%
O Oscar
74%
R Romeo
74%
X X-ray
74%
Z Zulu
74%
K Kilo
71%
M Mike
68%
Q Quebec
68%
N November
65%
S Sierra
65%
U Uniform
65%
W Whiskey
65%
V Victor
61%
Y Yankee
61%
Aucun quiz correspondant
Distribution des résultats
% des personnes avec chaque résultat
Percentile par nombre de réponses
Votre historique - résultats
Vous n’avez pas pris ce quiz